| 000 | 00550nam a2200181Ia 4500 | ||
|---|---|---|---|
| 005 | 20251218145206.0 | ||
| 008 | 231207s9999 xx 000 0 und d | ||
| 020 | _a9780962832437 | ||
| 040 | _cPK-LaNCA | ||
| 082 |
_a791.43 _bOSB |
||
| 100 | _aOsborne, Richard E. | ||
| 245 | 4 | _aThe Casablanca companion : the movie classic and its place in history | |
| 260 |
_bRiebel Roque Publishing _a Indiana _c1997 |
||
| 300 |
_axii, 276p _bill |
||
| 546 | _aEnglish | ||
| 650 | _aMotionpicture. Motion pictures--History and criticism. FTV. | ||
| 942 | _cF&TV | ||
| 999 |
_c20199 _d20199 |
||